| 000 | 00783 a2200253 4500 | ||
|---|---|---|---|
| 003 | OSt | ||
| 005 | 20180116192357.0 | ||
| 008 | 120606t xxu||||| |||| 00| 0 eng d | ||
| 010 | _a 2004102646 | ||
| 020 | _a0500203814 (pbk.) | ||
| 020 | _a9780500203811 | ||
| 035 | _a(OCoLC)ocm56646080 | ||
| 040 | _c0 | ||
| 082 | 0 | 4 | _a700.959 |
| 100 | 0 |
_aKerlogue, Fiona. _94080 |
|
| 245 | 1 | 0 |
_aArts of Southeast Asia / _cFiona Kerlogue. |
| 260 |
_aLondon ; _aNew York : _bThames & Hudson, _c2004. |
||
| 300 |
_a224 p. : _bill. (chiefly col.) ; _c21 cm. |
||
| 440 | 0 |
_aWorld of art _94081 |
|
| 650 | 1 | 0 |
_aArts _zSoutheast Asia. _94082 |
| 650 | 1 | 0 |
_aArts, Southeast Asian. _94083 |
| 942 |
_aSADA _cBK _k700.959 KER 2004 _2ddc |
||
| 999 |
_c353165 _d353165 |
||